[Event "SRB-chT"]
[Site "Kragujevac"]
[Date "2013.09.03"]
[Round "11.5"]
[White "Bojkovic, Slobodan"]
[Black "Vratonjic, Slobodan"]
[Result "0-1"]
[WhiteElo "2263"]
[BlackElo "2401"]
[PlyCount "102"]
[EventDate "2013.08.24"]
[EventType "team-tourn"]
[EventRounds "11"]
[EventCountry "SRB"]
[SourceTitle "CBM 156 Extra"]
[Source "ChessBase"]
[SourceDate "2013.10.22"]
[SourceVersion "1"]
[SourceVersionDate "2013.10.22"]
[SourceQuality "1"]
[WhiteTeam "Nis"]
[BlackTeam "Takovo Metalac"]
[WhiteTeamCountry "SRB"]
[BlackTeamCountry "SRB"]

1. e4 c5 2. Nf3 e6 3. c4 Nc6 4. b3 e5 5. Nc3 d6 6. d3 Be7 7. Be2 f5 8. exf5 Bxf5 9. 0-0 Nf6 10. Ng5 0-0 11. Nge4 Nd4 12. Be3 Bxe4 13. dxe4 Qa5 14. Rc1 a6 15. Qd3 Kh8 16. f3 Qd8 17. Nd5 Nxd5 18. exd5 Bg5 19. Rf2 b5 20. Qd2 h6 21. Rcf1 Bxe3 22. Qxe3 Qg5 23. Qxg5 hxg5 24. Bd3 Rf6 25. g3 Raf8 26. Be4 g6 27. g4 Kg7 28. Kg2 bxc4 29. bxc4 Rb8 30. Rc1 Rf7 31. Rc3 Rb4 32. Bd3 a5 33. Ra3 a4 34. h3 Kf6 35. Kg3 Rh7 36. Kg2 Rh8 37. Kg3 Rhb8 38. Kg2 Rh8 39. Kg3 Rf8 40. Kg2 Rg8 41. Kg3 Ke7 42. Rc3 Kd7 43. Bc2 Kc7 44. Kg2 Rb2 45. Bxa4 Rgb8 46. Bb3 Rxf2+ 47. Kxf2 Rh8 48. Re3 Rxh3 49. Kg2 Rh8 50. Kf1 Kb6 51. Ke1 Ra8 0-1